Загрузка...
Sree Narayana Darsanam
| Главный автор: | |
|---|---|
| Формат: | Printed Book |
| Опубликовано: |
Kozhikode
SPCS
2013
|
| LEADER | 00386nam a22001217a 4500 | ||
|---|---|---|---|
| 020 | |a 9780CAMPUS9541 | ||
| 082 | |a 894.8124 |b SAN.S | ||
| 100 | |a M K Sanu | ||
| 245 | |a Sree Narayana Darsanam | ||
| 260 | |a Kozhikode |b SPCS |c 2013 | ||
| 942 | |c BK | ||
| 999 | |c 2327 |d 2327 | ||
| 952 | |0 0 |1 0 |4 0 |6 894_812400000000000_SAN_S |7 0 |8 NFIC |9 2345 |a CAMPUS |b CAMPUS |d 2015-03-09 |l 0 |o 894.8124 SAN.S |p 18911 |r 2015-03-09 |w 2015-03-09 |y BK | ||